Statistiques concernant Liste des 23 - Equipe de France - Euro 2004

Cliquez ici pour prendre le quiz!

Statistiques générales

  • Ce quiz a été pris 212 fois
  • Le résultat moyen est 18 sur 24

Statistiques - réponses

PosteNuméroJoueursClub% Correct
G16Fabien BarthezOlympique de Marseille
99%
BU12Thierry HenryArsenal
98%
BU20David TrezeguetJuventus Turin
97%
G23Grégory CoupetOlympique lyonnais
96%
DG3Bixente LizarazuBayern Munich
95%
MOC10Zinédine ZidaneReal Madrid
95%
MDC4Patrick VieiraArsenal
94%
DD15Lilian ThuramJuventus Turin
92%
DD19Willy SagnolBayern Munich
91%
MDC6Claude MakeleleChelsea
89%
G1Mickaël LandreauFC Nantes
89%
MD7Robert PirèsArsenal
83%
DC8Marcel DesaillyChelsea
80%
DC5William GallasChelsea
80%
AT11Sylvain WiltordArsenal
77%
BU9Louis SahaManchester United
72%
DG13Mikaël SilvestreManchester United
71%
MG14Jérôme RothenAS Monaco
61%
MOC22Sidney GovouOlympique lyonnais
60%
SEL/Jacques Santini/
55%
DC2Jean-Alain BoumsongAJ Auxerre
55%
MC18Benoît PedrettiFC Sochaux
46%
MDC17Olivier DacourtAS Rome
36%
AT21Steve MarletOlympique de Marseille
20%

Distribution des résultats

Percentile par nombre de réponses

% des personnes avec chaque résultat

Votre développement - résultats

Vous n’avez pas pris ce quiz